000 00471nam a2200157Ia 4500
008 151021s9999 xx 000 0 und d
020 _a978 0205 079681
050 _aJZ 1242 .R67 2007
245 _a_The New World Of International Relations(9th ed)
260 _aU.s.A Longman 2007
300 _axxiv,375p,;Ill
500 _aIncludes Index
500 _aIncludes Index
650 _a_Power and Systems in Transformation
980 _a^d20120814 01:18:38^oanne
999 _c12359
_d12359